Name 5 Different Tornado Shapes/Forms They Can Take. - Statistics

General Stats
  • This quiz has been taken 58 times
  • The average score is 3 of 5
Answer Stats
% Of Tornadoes Answer % Correct
30% Cone
98%
2% Wedge
96%
35% Rope
84%
5% Multi Vortex
36%
28% Waterspout/Landspout
30%
No matching quizzes found
Score Distribution
Percent of People with Each Score
Percentile by Number Answered
Your Score History
You have not taken this quiz